[Event "Rottach Egern Seniors Cup 11th"]
[Site "Rottach Egern"]
[Date "2023.04.16"]
[Round "2"]
[White "Loew, Gerald"]
[Black "Kesseler, Heiko"]
[Result "1-0"]
[WhiteElo "2188"]
[BlackElo "1981"]
[PlyCount "65"]
[EventDate "2023.04.15"]
[EventType "swiss"]
[EventRounds "9"]
[EventCountry "GER"]
[SourceTitle "EXT 2024"]
[Source "ChessBase"]
[SourceDate "2023.10.10"]
[SourceVersion "1"]
[SourceVersionDate "2023.10.10"]
[SourceQuality "1"]

1. c4 e5 2. Nc3 d6 3. g3 f5 4. d4 exd4 5. Qxd4 Nc6 6. Qe3+ Be7 7. Nd5 Nh6 8. Qc3 Nf7 9. Qxg7 Nce5 10. f4 Nxc4 11. Qc3 b5 12. b3 Nb6 13. Nxc7+ Kf8 14. Bb2 Rg8 15. Nxa8 Nxa8 16. Bg2 Nb6 17. Rc1 d5 18. Nf3 h5 19. Nd4 Rg6 20. Nc6 b4 21. Qd4 Qe8 22. Nxe7 Qxe7 23. Bf3 h4 24. Kf2 Ba6 25. Rc2 Rg8 26. Rhc1 Qd8 27. Qxb4+ Nd6 28. Be5 Rg6 29. Rc6 Nbc8 30. Rxa6 Qe7 31. Qb8 hxg3+ 32. hxg3 Ne4+ 33. Bxe4 1-0

[Event "GER CupT"]
[Site "Germany"]
[Date "2023.01.29"]
[Round "2.4"]
[White "Adiyaman, Rene"]
[Black "Kesseler, Heiko"]
[Result "1-0"]
[WhiteElo "2119"]
[BlackElo "2027"]
[PlyCount "71"]
[EventDate "2023.01.28"]
[EventType "team-k.o."]
[EventRounds "4"]
[EventCountry "GER"]
[SourceTitle "EXT 2024"]
[Source "ChessBase"]
[SourceDate "2023.10.10"]
[SourceVersion "1"]
[SourceVersionDate "2023.10.10"]
[SourceQuality "1"]
[WhiteTeam "DBSB"]
[BlackTeam "Duesseldorf"]
[WhiteTeamCountry "GER"]
[BlackTeamCountry "GER"]

1. e4 c5 2. c3 d5 3. exd5 Qxd5 4. Nf3 Nf6 5. d4 e6 6. Be2 Be7 7. 0-0 0-0 8. c4 Qd6 9. Nc3 a6 10. d5 exd5 11. cxd5 Rd8 12. Ng5 h6 13. Nge4 Nxe4 14. Nxe4 Qxd5 15. Qxd5 Rxd5 16. Bf3 Rd8 17. Be3 c4 18. Rac1 Be6 19. Nd2 c3 20. bxc3 Nc6 21. Rb1 Bxa2 22. Rxb7 Bd5 23. Bxd5 Rxd5 24. Rc7 Bg5 25. f4 Re8 26. Rxc6 Rxe3 27. Nc4 Rxc3 28. fxg5 Rxg5 29. Rc8+ Kh7 30. Rxf7 a5 31. g3 h5 32. Rff8 Rb3 33. Rce8 Rbb5 34. Nd6 Rbc5 35. Rh8+ Kg6 36. Re6# 1-0

[Event "NRW Class1 1718"]
[Site "Germany"]
[Date "2018.01.28"]
[Round "5.8"]
[White "Kesseler, Heiko"]
[Black "Hemmers, Dieter"]
[Result "1-0"]
[WhiteElo "2017"]
[BlackElo "1816"]
[PlyCount "59"]
[EventDate "2017.09.17"]
[EventType "team-tourn"]
[EventRounds "9"]
[EventCountry "GER"]
[SourceTitle "EXT 2019"]
[Source "ChessBase"]
[SourceDate "2018.10.10"]
[SourceVersion "1"]
[SourceVersionDate "2018.10.10"]
[SourceQuality "1"]
[WhiteTeam "Duesseldorf II"]
[BlackTeam "Emsdetten Rochade"]
[WhiteTeamCountry "GER"]
[BlackTeamCountry "GER"]

1. e4 c5 2. Nc3 Nc6 3. Bb5 g6 4. Nf3 Bg7 5. 0-0 a6 6. Bxc6 dxc6 7. h3 Nf6 8. d3 0-0 9. Be3 b6 10. Qd2 Ne8 11. Bh6 Nd6 12. Rad1 Re8 13. Bxg7 Kxg7 14. d4 Nb5 15. Qe3 cxd4 16. Nxd4 Nxd4 17. Rxd4 Qc7 18. Rfd1 e5 19. Rd6 Be6 20. Qg5 f6 21. Qd2 g5 22. Ne2 Ra7 23. Ng3 Qc8 24. Qc3 Rc7 25. Qf3 Rf8 26. Nh5+ Kg6 27. g4 Rd7 28. Kg2 Re7 29. Rd8 Bxg4 30. hxg4 1-0

[Event "Niederrhein-ch"]
[Site "Solingen"]
[Date "2016.03.22"]
[Round "4"]
[White "Kesseler, Heiko"]
[Black "Pauls, Wilhelm"]
[Result "1-0"]
[WhiteElo "1993"]
[BlackElo "1950"]
[PlyCount "56"]
[EventDate "2016.03.19"]
[EventType "swiss"]
[EventRounds "7"]
[EventCountry "GER"]
[SourceTitle "EXT 2018"]
[Source "ChessBase"]
[SourceDate "2017.10.13"]
[SourceVersion "1"]
[SourceVersionDate "2017.10.13"]
[SourceQuality "1"]

1. e4 c5 2. Nc3 d6 3. f4 Nf6 4. Nf3 Bg4 5. h3 Bxf3 6. Qxf3 Nc6 7. Bb5 e6 8. 0-0 Qc7 9. e5 Nd7 10. exd6 Bxd6 11. Bxc6 Qxc6 12. Qxc6 bxc6 13. Ne4 Be7 14. d3 0-0 15. Be3 f5 16. Nd2 Rab8 17. Nc4 Nf6 18. Rae1 Nd5 19. Bd2 Bf6 20. b3 Rfe8 21. Re2 Bd4+ 22. Kh2 Nc3 23. Bxc3 Bxc3 24. Nd6 Red8 25. Rxe6 g6 26. Rf2 Ba5 27. Nc4 Bc7 28. Rxc6 Rbc8 1-0

[Event "NRW Class1 1415"]
[Site "Germany"]
[Date "2015.03.22"]
[Round "8.5"]
[White "Nissen, Claus"]
[Black "Kesseler, Heiko"]
[Result "1/2-1/2"]
[WhiteElo "2116"]
[BlackElo "1990"]
[PlyCount "136"]
[EventDate "2014.09.14"]
[EventType "team-tourn"]
[EventRounds "9"]
[EventCountry "GER"]
[SourceTitle "EXT 2017"]
[Source "ChessBase"]
[SourceDate "2016.10.25"]
[SourceVersion "1"]
[SourceVersionDate "2016.10.25"]
[SourceQuality "1"]
[WhiteTeam "Oberhausen"]
[BlackTeam "Elberfeld"]
[WhiteTeamCountry "GER"]
[BlackTeamCountry "GER"]

1. e4 c5 2. Nf3 Nc6 3. g3 g6 4. Bg2 Bg7 5. 0-0 d6 6. d3 Nf6 7. Re1 0-0 8. c3 Bg4 9. h3 Bxf3 10. Bxf3 Nd7 11. d4 cxd4 12. Bg2 Rc8 13. cxd4 Nxd4 14. Nc3 Nb6 15. Be3 e5 16. Bxd4 exd4 17. Nb5 Nc4 18. Rb1 Qb6 19. a4 a6 20. b3 Nb2 21. Rxb2 axb5 22. Rb1 Rc3 23. Bf1 b4 24. Qd2 Rfc8 25. Bd3 Qc5 26. Kg2 h5 27. Bc4 Bf6 28. Rbd1 Qe5 29. h4 Rc5 30. Qe2 Qe7 31. Rd3 Qd7 32. Rf3 Kg7 33. Rd1 R5xc4 34. bxc4 Qxa4 35. Rxf6 Kxf6 36. Rxd4 Qc6 37. Qd2 Kg7 38. Qf4 Rxc4 39. Rxd6 Qxe4+ 40. Qxe4 Rxe4 41. Rb6 Re7 42. Kf3 b3 43. Kf4 Re2 44. Kf3 Re7 45. Kf4 Kf8 46. f3 Rc7 47. Rxb3 Ke7 48. Rb6 Kd7 49. g4 Rc4+ 50. Kg5 Rc5+ 51. Kf4 Kc8 52. Kg3 Rc6 53. Rb5 hxg4 54. fxg4 Rc3+ 55. Kf4 Rc4+ 56. Kg3 Rc3+ 57. Kf4 Kc7 58. h5 Kc6 59. Rb1 gxh5 60. gxh5 Rh3 61. Kg5 b5 62. Rf1 Rg3+ 63. Kf6 Rh3 64. Kg5 b4 65. Rxf7 b3 66. Rf1 b2 67. Rb1 Rb3 68. h6 Rg3+ 1/2-1/2

[Event "Solingen-ch"]
[Site "Solingen"]
[Date "2013.10.18"]
[Round "4"]
[White "Kesseler, Heiko"]
[Black "Boschek, Hans Joachim"]
[Result "1-0"]
[WhiteElo "2024"]
[BlackElo "1921"]
[PlyCount "57"]
[EventDate "2013.09.13"]
[EventType "swiss"]
[EventRounds "7"]
[EventCountry "GER"]
[SourceTitle "EXT 2015"]
[Source "ChessBase"]
[SourceDate "2014.11.20"]
[SourceVersion "1"]
[SourceVersionDate "2014.11.20"]
[SourceQuality "1"]

1. e4 c5 2. Nf3 e6 3. b3 Nc6 4. Bb2 d6 5. c4 e5 6. Nc3 g6 7. Be2 Bg7 8. 0-0 Nf6 9. Ne1 0-0 10. Nc2 Nd4 11. Ne3 Nxe2+ 12. Qxe2 Nh5 13. Ncd5 Qg5 14. Kh1 Kh8 15. f3 f5 16. exf5 gxf5 17. g3 Qxg3 18. f4 Qh4 19. Rf3 Rf7 20. Rg1 e4 21. Rxg7 Rxg7 22. Bxg7+ Kxg7 23. Qg2+ Kh8 24. Rh3 Qe1+ 25. Nf1 Be6 26. Rxh5 Rg8 27. Qh3 Rg7 28. Nf6 Bg8 29. Rg5 1-0

[Event "Solingen-ch"]
[Site "Solingen"]
[Date "2013.10.11"]
[Round "3"]
[White "Zolfagharian, Kevin"]
[Black "Kesseler, Heiko"]
[Result "1-0"]
[WhiteElo "2041"]
[BlackElo "2024"]
[PlyCount "69"]
[EventDate "2013.09.13"]
[EventType "swiss"]
[EventRounds "7"]
[EventCountry "GER"]
[SourceTitle "EXT 2015"]
[Source "ChessBase"]
[SourceDate "2014.11.20"]
[SourceVersion "1"]
[SourceVersionDate "2014.11.20"]
[SourceQuality "1"]

1. e4 c5 2. Nf3 e6 3. b3 b6 4. Bb2 Bb7 5. Nc3 d6 6. d4 cxd4 7. Nxd4 Nf6 8. Bd3 Be7 9. Qe2 0-0 10. f4 a6 11. 0-0-0 Qc7 12. g4 Nfd7 13. h4 Bf6 14. Nb1 Nc6 15. Nxc6 Bxb2+ 16. Kxb2 Qxc6 17. g5 Nc5 18. Rhe1 Rac8 19. h5 Nxd3+ 20. Qxd3 b5 21. h6 g6 22. Qd4 f6 23. gxf6 e5 24. fxe5 dxe5 25. Qd5+ Rf7 26. Qd8+ Rxd8 27. Rxd8+ Rf8 28. f7+ Kxf7 29. Rf1+ Ke7 30. Rdxf8 Qxe4 31. R1f7+ Ke6 32. Rf6+ Kd7 33. R8f7+ Kc8 34. Rxh7 Kb8 35. Rf8+ 1-0

[Event "Solingen-ch"]
[Site "Solingen"]
[Date "2013.09.27"]
[Round "2"]
[White "Hobusch, Jan"]
[Black "Kesseler, Heiko"]
[Result "0-1"]
[WhiteElo "2078"]
[BlackElo "2024"]
[PlyCount "56"]
[EventDate "2013.09.13"]
[EventType "swiss"]
[EventRounds "7"]
[EventCountry "GER"]
[SourceTitle "EXT 2015"]
[Source "ChessBase"]
[SourceDate "2014.11.20"]
[SourceVersion "1"]
[SourceVersionDate "2014.11.20"]
[SourceQuality "1"]

1. d4 Nf6 2. Bf4 e6 3. e3 d5 4. Nf3 b6 5. Nbd2 Bb7 6. Ne5 Be7 7. Bb5+ c6 8. Bd3 0-0 9. Qf3 c5 10. c3 Qc8 11. Qh3 Ba6 12. Bc2 cxd4 13. exd4 Nc6 14. Nxc6 Qxc6 15. Be5 h6 16. g4 Nd7 17. Bf4 e5 18. dxe5 d4 19. Be4 Qb5 20. c4 Qxb2 21. 0-0 Rad8 22. Bxh6 Qc3 23. Nf3 Nxe5 24. Bf4 Nxf3+ 25. Bxf3 Bb7 26. Bg2 Qxh3 27. Bxh3 Bf3 28. Rfe1 Bb4 0-1

[Event "Oberliga NRW 0405"]
[Site "Germany"]
[Date "2005.04.24"]
[Round "9.6"]
[White "Semina, Svetlana"]
[Black "Kesseler, Heiko"]
[Result "1-0"]
[WhiteElo "2181"]
[BlackElo "2067"]
[PlyCount "99"]
[EventDate "2004.10.10"]
[EventType "team-tourn"]
[EventRounds "9"]
[EventCountry "GER"]
[SourceTitle "EXT 2006"]
[Source "ChessBase"]
[SourceDate "2005.11.24"]
[SourceVersion "1"]
[SourceVersionDate "2005.11.24"]
[SourceQuality "1"]
[WhiteTeam "Gelsenkirchen"]
[BlackTeam "Solingen III"]
[WhiteTeamCountry "GER"]
[BlackTeamCountry "GER"]

1. e4 c5 2. Nf3 e6 3. d4 cxd4 4. Nxd4 a6 5. c4 Qc7 6. Be3 Nf6 7. Nd2 Nc6 8. Be2 Be7 9. Rc1 0-0 10. 0-0 d6 11. f3 Rd8 12. Qe1 d5 13. cxd5 exd5 14. Qf2 Re8 15. Nxc6 bxc6 16. Bd4 Qf4 17. Bd3 Bb4 18. Be3 Qd6 19. Rfd1 Rb8 20. a3 Ba5 21. Bc5 Qe5 22. Bd4 Qd6 23. b4 Bc7 24. g3 dxe4 25. Nxe4 Nxe4 26. Bxe4 Bd7 27. Bxg7 Qe6 28. Bd4 a5 29. Qd2 f6 30. Qh6 Re7 31. Bxf6 Bb6+ 32. Kg2 Rf7 33. Rxd7 Qxd7 34. Bxc6 Qe6 35. Qg5+ Kf8 36. Bd4 Bxd4 37. Bd5 Qe2+ 38. Kh3 Qe7 39. Qh6+ Ke8 40. Bxf7+ Qxf7 41. Re1+ Kd7 42. Rd1 Qf5+ 43. Kg2 Qc2+ 44. Rd2 Qc4 45. Qg7+ Ke6 46. Rxd4 Qe2+ 47. Kh3 Qf1+ 48. Kh4 Rb5 49. Qd7+ Kf6 50. Rd6+ 1-0

[Event "Oberliga NRW 0405"]
[Site "Germany"]
[Date "2005.02.20"]
[Round "7.5"]
[White "Kesseler, Heiko"]
[Black "Kamp, Christoph"]
[Result "0-1"]
[WhiteElo "2067"]
[BlackElo "2319"]
[PlyCount "72"]
[EventDate "2004.10.10"]
[EventType "team-tourn"]
[EventRounds "9"]
[EventCountry "GER"]
[SourceTitle "EXT 2006"]
[Source "ChessBase"]
[SourceDate "2005.11.24"]
[SourceVersion "1"]
[SourceVersionDate "2005.11.24"]
[SourceQuality "1"]
[WhiteTeam "Solingen III"]
[BlackTeam "Muenster"]
[WhiteTeamCountry "GER"]
[BlackTeamCountry "GER"]

1. e4 e6 2. d4 d5 3. Nc3 Bb4 4. exd5 exd5 5. Bd3 Nc6 6. Nge2 Bg4 7. a3 Bxc3+ 8. bxc3 Nge7 9. Bg5 0-0 10. 0-0 Re8 11. f3 Bh5 12. Nf4 Bg6 13. Nxg6 hxg6 14. f4 Qd7 15. f5 Nxf5 16. Qg4 Nce7 17. Rf3 Qe6 18. Raf1 f6 19. Bd2 Qf7 20. Rh3 Rad8 21. Qf4 Rd7 22. Bb5 c6 23. Bd3 Rdd8 24. Qf2 Qe6 25. Re1 Qd7 26. Rf1 Kf7 27. g4 Nd6 28. Rh7 Qxg4+ 29. Kh1 Ne4 30. Bxe4 Qxe4+ 31. Kg1 Nf5 32. Bh6 Re6 33. Bc1 Rde8 34. a4 Qg4+ 35. Kh1 Re2 36. Qf3 Qxf3+ 0-1

[Event "Oberliga NRW 0405"]
[Site "Germany"]
[Date "2004.12.05"]
[Round "4.6"]
[White "Kesseler, Heiko"]
[Black "Dresen, Ulrich"]
[Result "0-1"]
[WhiteElo "2067"]
[BlackElo "2311"]
[PlyCount "68"]
[EventDate "2004.10.10"]
[EventType "team-tourn"]
[EventRounds "9"]
[EventCountry "GER"]
[SourceTitle "EXT 2006"]
[Source "ChessBase"]
[SourceDate "2005.11.24"]
[SourceVersion "1"]
[SourceVersionDate "2005.11.24"]
[SourceQuality "1"]
[WhiteTeam "Solingen III"]
[BlackTeam "Gerresheim"]
[WhiteTeamCountry "GER"]
[BlackTeamCountry "GER"]

1. e4 d6 2. d4 g6 3. Nc3 c6 4. Nf3 Bg7 5. Bc4 Nf6 6. e5 Nd5 7. Bd2 Nxc3 8. Bxc3 d5 9. Bd3 a5 10. h4 Bg4 11. Qe2 Na6 12. Qd2 b6 13. Ng5 Qd7 14. Qf4 Be6 15. h5 Nc7 16. Rh3 h6 17. Nxe6 Nxe6 18. Qg4 gxh5 19. Rxh5 0-0-0 20. Bf5 Rdg8 21. Qe2 Kb7 22. 0-0-0 Bf8 23. Bh3 Nf4 24. Qd2 Nxh3 25. Rxh3 Rxg2 26. e6 Qxe6 27. Re3 Qf5 28. Bxa5 Rxf2 29. Re2 Rxe2 30. Qxe2 bxa5 31. Rd3 Rg8 32. Rb3+ Kc7 33. Rf3 Qg5+ 34. Kd1 Qg1+ 0-1

[Event "NRW Class1 0304"]
[Site "Germany"]
[Date "2004.03.28"]
[Round "8.8"]
[White "Fehmer, Carsten"]
[Black "Kesseler, Heiko"]
[Result "0-1"]
[WhiteElo "2183"]
[BlackElo "2047"]
[PlyCount "122"]
[EventDate "2003.09.28"]
[EventType "team"]
[EventRounds "9"]
[EventCountry "GER"]
[SourceTitle "CBM 098 Extra"]
[Source "ChessBase"]
[SourceDate "2004.03.10"]
[SourceVersion "2"]
[SourceVersionDate "2004.03.10"]
[SourceQuality "1"]
[WhiteTeam "Krefeld"]
[BlackTeam "Solingen III"]
[WhiteTeamCountry "GER"]
[BlackTeamCountry "GER"]

1. d4 Nf6 2. Nf3 e6 3. e3 d5 4. Bd3 Nbd7 5. Nbd2 Be7 6. b3 b6 7. Bb2 Bb7 8. 0-0 0-0 9. Qe2 Ne4 10. Ne5 f5 11. Nxd7 Qxd7 12. f3 Nxd2 13. Qxd2 Rf6 14. Qe2 Raf8 15. e4 fxe4 16. fxe4 Rxf1+ 17. Rxf1 Rxf1+ 18. Kxf1 dxe4 19. Bxe4 Bxe4 20. Qxe4 Qd5 21. Qg4 h5 22. Qe2 Bf6 23. c3 Qf5+ 24. Kg1 Bg5 25. g3 Bf6 26. Bc1 c5 27. dxc5 Qxc5+ 28. Be3 Qxc3 29. Bf2 Qc1+ 30. Kg2 Qc6+ 31. Kg1 Qd5 32. Qa6 Qd1+ 33. Kg2 Qd7 34. Qe2 Qd5+ 35. Kg1 Qf5 36. Qa6 Qb1+ 37. Kg2 Qe4+ 38. Kg1 Bd4 39. Qc8+ Kh7 40. Qc1 a5 41. Qd2 Qb1+ 42. Kg2 Qe4+ 43. Kg1 e5 44. Qc1 Kg6 45. h4 Kh7 46. Bxd4 exd4 47. Kf2 Qf5+ 48. Kg2 d3 49. Qd2 Kg6 50. b4 a4 51. a3 b5 52. Qd1 Kf6 53. Qa1+ Kf7 54. Qd4 g6 55. Qa7+ Ke8 56. Qd4 Ke7 57. Qa7+ Qd7 58. Qe3+ Kd8 59. Qb6+ Kc8 60. Qc5+ Kb7 61. Qc1 Qc6+ 0-1

[Event "Oberliga NRW 0304"]
[Site "Germany"]
[Date "2004.02.08"]
[Round "6.8"]
[White "Huenemeyer, Dirk"]
[Black "Kesseler, Heiko"]
[Result "0-1"]
[WhiteElo "1903"]
[BlackElo "2047"]
[PlyCount "124"]
[EventDate "2003.09.28"]
[EventType "team-tourn"]
[EventRounds "9"]
[EventCountry "GER"]
[SourceTitle "CBM 098 Extra"]
[Source "ChessBase"]
[SourceDate "2004.03.10"]
[SourceVersion "2"]
[SourceVersionDate "2004.03.10"]
[SourceQuality "1"]
[WhiteTeam "Essen Borbeck"]
[BlackTeam "Solingen II"]
[WhiteTeamCountry "GER"]
[BlackTeamCountry "GER"]

1. c4 e5 2. Nc3 Nc6 3. g3 g6 4. Bg2 Bg7 5. d3 d6 6. e4 Nf6 7. Nge2 0-0 8. 0-0 Be6 9. h3 Qd7 10. Kh2 Nh5 11. g4 Nf6 12. f4 exf4 13. Nxf4 Nd4 14. Ncd5 Ne8 15. Kh1 c6 16. Nxe6 fxe6 17. Rxf8+ Kxf8 18. Nf4 Nc7 19. Be3 e5 20. Ne2 Nce6 21. Nxd4 exd4 22. Bd2 Kg8 23. Qe2 Rf8 24. Rf1 Be5 25. Rxf8+ Kxf8 26. h4 Qf7 27. Qf1 Bf4 28. Bxf4 Nxf4 29. Qf3 h6 30. g5 hxg5 31. hxg5 Qh7+ 32. Kg1 Qh4 33. Kf1 Ke7 34. b4 Qxg5 35. Bh3 Qh4 36. Bc8 b6 37. e5 dxe5 38. Qxc6 Qf6 39. Qc7+ Kf8 40. Qxa7 Nd5+ 41. Ke1 Qh4+ 42. Ke2 Qh2+ 43. Kf3 Qf4+ 44. Ke2 Qe3+ 45. Kf1 Qxd3+ 46. Kf2 Qe3+ 47. Kf1 Qc1+ 48. Kf2 Qc2+ 49. Kf3 e4+ 50. Kg3 Qc3+ 51. Kh4 Qe1+ 52. Kg5 Qg3+ 53. Bg4 Qf4+ 54. Kh4 Qf2+ 55. Kg5 Qf6+ 56. Kh6 g5+ 57. Kh7 Qe7+ 58. Qxe7+ Nxe7 59. a4 d3 60. a5 bxa5 61. bxa5 e3 62. a6 Nc6 0-1

[Event "Oberliga NRW 9900 I"]
[Site "Germany"]
[Date "2000.05.11"]
[Round "9.7"]
[White "Rengers, Rainer"]
[Black "Kesseler, Heiko"]
[Result "0-1"]
[WhiteElo "1667"]
[BlackElo "2048"]
[PlyCount "118"]
[EventDate "1999.10.26"]
[EventType "team"]
[EventRounds "9"]
[EventCountry "GER"]
[SourceTitle "EXT 2001"]
[Source "ChessBase"]
[SourceDate "2000.11.22"]
[SourceVersion "1"]
[SourceVersionDate "2000.11.22"]
[SourceQuality "1"]
[WhiteTeam "Neuenkirchen"]
[BlackTeam "Heiligenhaus"]
[WhiteTeamCountry "GER"]
[BlackTeamCountry "GER"]

1. d4 Nf6 2. Nf3 e6 3. c4 b6 4. g3 Bb7 5. Bg2 Be7 6. 0-0 0-0 7. Nc3 d6 8. Qc2 Nbd7 9. b3 c6 10. Bb2 Qc7 11. Nd2 Rad8 12. Nce4 Ng4 13. Nf3 h6 14. h3 Ngf6 15. Nfd2 Ne8 16. f4 f5 17. Nf2 e5 18. fxe5 dxe5 19. e4 exd4 20. exf5 Qxg3 21. Bxd4 Bd6 22. Nf3 c5 23. Nh1 Qf4 24. Bc3 Qe3+ 25. Rf2 Be4 26. Qb2 Rxf5 27. Re1 Rxf3 28. Rxe3 Rxe3 29. Re2 Rxe2 30. Qxe2 Bxg2 31. Qe6+ Kf8 32. Kxg2 Ndf6 33. Nf2 Nc7 34. Qf5 Nce8 35. Ng4 Bc7 36. Ne5 Bd6 37. Nd3 Kf7 38. Bxf6 Nxf6 39. Ne5+ Bxe5 40. Qxe5 Rd7 41. a3 Rd2+ 42. Kg3 Rd3+ 43. Kg2 Rd7 44. Qe3 Re7 45. Qd3 Rd7 46. Qe3 Rd4 47. Qf3 Re4 48. Qd3 g5 49. b4 Rd4 50. Qf3 cxb4 51. axb4 Rxc4 52. Qa3 Rc2+ 53. Kf3 Rc7 54. Qd3 Rd7 55. Qc4+ Kg7 56. Qe6 Rf7 57. Ke3 Kg6 58. Kd4 Rd7+ 59. Ke3 Re7 0-1